01251 a2200157 45000010006000000050017000060080041000230030015000640400040000790800122001192450015002412640075002563000019003315050721003501000022010715500420260407155825.0260407a1955 arg spa dAR-UNSa-BCEJYS aAR-UNSa-BCEJYSbspacAR-UNSa-BCEJYS a101.1xNaturaleza de la filosofía. La filosofía como ciencia. La filosofía como arte (pensamiento filosófico)10aSócrates 1aBuenos Aires :bEUDEBA (Editorial Universitaria de Buenos Aires)c1955 a151 p.c18 cm. a1. La situación histórica – 2. La situación cultural – 3. La existencia histórica de Sócrates. Vida y características – 4. El problema de Sócrates y las condiciones para su solución – 5. La inspiración religiosa y la purificación de lo espíritus – 6. La refutación como purificación y estímulo para la investigación. La mayéutica – 7. La ciencia y los conceptos universales – 8. Ciencia y virtud, ignorancia y pecado. La unidad de las virtudes – 9. El eudemonismo socrático: no utilitarismo, sino ética del amor y del deber – 10. El alma y su inmortalidad. La inspiración religiosa de Sócrates – 11. La influencia histórica y la perennidad de Sócrates.1 aMondolfo, Rodolfo